000 01087cam a2200337 i 4500
001 4156650
003 OSt
005 20230918150729.0
008 780524s1978 nyu b 001 0 eng
010 _a 78051803
020 _a9780143027980
040 _aDLC
_cDLC
_dDLC
043 _aa------
_aaw-----
050 0 0 _aDS12
_b.S24 1978
082 0 0 _a950.072
_bSAI/O
100 1 _aSaid, Edward W.
245 1 0 _aOrientalism :
_bwestern conceptions of the orient / Edward W. Said.
250 _a1st ed.
260 _aNew York :
_bPenguin Books,
_cc1978.
300 _a396 p. ;
_c25 cm.
504 _aIncludes bibliographical references and index.
650 0 _aOrientalism.
650 0 _aImperialism.
650 0 _aEast and West.
651 0 _aAsia
_xForeign public opinion, Occidental.
651 0 _aMiddle East
_xForeign public opinion, Occidental.
651 0 _aAsia
_xStudy and teaching.
651 0 _aMiddle East
_xStudy and teaching.
906 _a7
_bcbc
_corignew
_d1
_eocip
_f19
_gy-gencatlg
942 _2ddc
_cBK
_h950.072
_iSAI/O
_k950.072
_mSAI/O
999 _c42184
_d42184